000 00339nam a2200133Ia 4500
005 20260326100043.0
008 260326s9999||||xx |||||||||||||| ||und||
100 _aPeters, Paulhans
245 0 _aHoteles y Colonias Veraniegas /
_cPaulhans Peters
260 _bGustavo Gili
300 _a102 p.
650 _aARQUITECTURA CIVIL
942 _cBK
999 _c7068
_d7068